| 000 | 00980nam a22002777a 4500 | ||
|---|---|---|---|
| 999 |
_c116986 _d116986 |
||
| 003 | dpl | ||
| 005 | 20180919153309.0 | ||
| 008 | 180919b ||||| |||| 00| 0 eng d | ||
| 010 | _aB-036655 | ||
| 020 | _c100.00 | ||
| 035 | _aB-036655, B-036659 | ||
| 037 | _bCen Lib/Ret | ||
| 040 |
_aDPL _bHN _c0 |
||
| 082 |
_aउ _bबनफू |
||
| 100 |
_aबनफूल _96954 |
||
| 245 |
_aडॉ. सदाशिव / _cबनफूल |
||
| 246 |
_aDr. sadashiv _b by Banphool |
||
| 260 |
_aदिल्ली _bविमल पुस्तक मंदिर _c2000 |
||
| 270 |
_aऍफ़, 23बी -विजय नगर _bदिल्ली _e110009 |
||
| 300 |
_a104पृष्ठ. _c20सेमी(सजिल्द) |
||
| 650 |
_aहिंदी साहित्य _969398 |
||
| 650 |
_a हिंदी उपन्यास _969399 |
||
| 650 |
_aHindi literature _969400 |
||
| 650 |
_a Hindi novel _969401 |
||
| 942 |
_2ddc _cHN _hउ _mबनफू |
||